000 00540nam a2200181Ia 4500
008 240729s9999 xx 000 0 und d
022 _a1098-0997
245 0 _aInfectious Diseases in Obstetrics and Gynecology
260 _aUnited Kingdom
260 _bHindawi Limited
650 _a Gynecology and obstetrics | Medicine
650 _a Infectious and parasitic diseases
650 _a Internal medicine
650 _aMedicine
856 _uhttps://doaj.org/toc/f3a4a84974d040488a985bee999d6ee0
942 _2ddc
942 _cDOAJEJ
999 _c71597
_d71597
945 _a1
_bMadushi Gamage
_c1
_dMadushi Gamage